Quizzes
Events
Quiz Creation
Community
Videos
Private Events
Remove Ads
Sign In
Join for FREE
Feedback
Dark Mode
Quiz Categories
Sports
Geography
Music
Movies
Television
Just For Fun
Miscellaneous
History
Literature
Language
Science
Gaming
Entertainment
Religion
Holiday
For Kids
Quiz Lab
Recent
Popular Today
Quiz Kudos Today
Editor Picks
Curator Picks
Quizzes by...
Day
Popularity
Type
Ratings
Length
Year
Community
Subscriptions
Recent Discussions
Orange Saloon
Badges
Playlists
Quests
Create
Leaderboards
Showdown
Live 5
Trivia Bingo
Activity
Puzzle Library
Sporcle Events
Private Events
Virtual Trivia
Globe League
Become a Host
Pub Owners
SporcleCon
Opinionation
Our Games
Videos
Blog
Mobile Apps
Partnerships
Remove Ads and Go Orange
Feedback
Science
Computer
Plants
Astronomy
Chemistry
Elements
Math
Animal
Physics
Anatomy
Biology
Geology
General Science
Science
Computer
Plants
Astronomy
Chemistry
Elements
Math
Animal
Physics
Anatomy
Biology
Geology
General Science
Random Quiz
Search Sporcle
×
Quiz Lab
Quiz Lab
Science
mammal
Type in answers that appear in a list
Type in answers that appear in a list
Classic
Best Score? Go Orange.
Mammals Stats
Can you name the Mammals?
By
tylerkermit
10m
90 Questions
47 Plays
47 Plays
47 Plays
Comments
Comments
Give Quiz Kudos
Give Quiz Kudos
-
- Ratings
hide this ad
Replay
Link that replays current quiz
Next Quiz
Link to next quiz in quiz playlist
You Got
0%
They Got
Avg Score
61%
Avg Friend Score
Upgrade to see
Score Distribution
Jump to the score distribution portion of the page
Score
0/90
Timer
10:00
0
Plays Today
% Correct
dog
93.6%
tiger
93.6%
cat
91.5%
bear
89.4%
horse
89.4%
lion
89.4%
elephant
87.2%
hippopotamus
85.1%
rhinoceros
85.1%
whale
85.1%
zebra
85.1%
cow
83%
giraffe
83%
gorilla
83%
dolphin
80.9%
pig
80.9%
wolf
80.9%
monkey
78.7%
anteater
76.6%
deer
76.6%
fox
76.6%
hyena
76.6%
leopard
76.6%
cheetah
74.5%
goat
74.5%
rat
74.5%
kangaroo
72.3%
rabbit
72.3%
sheep
72.3%
mouse
70.2%
% Correct
cougar
68.1%
aardvark
66%
badger
66%
chimpanzee
66%
donkey
66%
jaguar
66%
llama
66%
antelope
63.8%
puma
63.8%
seal
63.8%
squirrel
63.8%
baboon
61.7%
bat
61.7%
coyote
61.7%
koala
61.7%
orangutan
61.7%
walrus
61.7%
bison
59.6%
mole
59.6%
yak
59.6%
buffalo
57.4%
hare
57.4%
meerkat
57.4%
otter
57.4%
panda
57.4%
panther
57.4%
raccoon
57.4%
guinea pig
55.3%
armadillo
53.2%
beaver
53.2%
% Correct
elk
53.2%
hamster
53.2%
human
53.2%
lemur
53.2%
sloth
53.2%
wombat
53.2%
hedgehog
51.1%
polar bear
51.1%
wildebeest
48.9%
ape
46.8%
porcupine
46.8%
manatee
46.8%
sea lion
46.8%
skunk
46.8%
bull
44.7%
ox
44.7%
platypus
44.7%
ferret
40.4%
zebu
40.4%
camel
38.3%
gerbil
38.3%
reindeer
36.2%
beluga
36.2%
weasel
36.2%
killer whale
34%
narwhal
34%
opossum
29.8%
unicorn
29.8%
mammoth
27.7%
saber tooth tiger
23.4%
Quiz Playlist
Details
Report
Send in Message
Add To Playlist
Classic:
Type in answers that appear in a list
Last Updated: Feb 16, 2017
Quiz Scoreboard
CHALLENGE
Sign Up to Join the Scoreboard
Show All
Scores
Hide
Comments
May contain spoilers
Recently Published
Billboard Blitz: Fleetwood Mac
by CooCooCachoo
Music
15s
Presidents Visiting Landmarks
by Hejman
History
7m
An Introduction to Baseball
by treessimontrees
Sports
5m
More to Explore
Quiz From the Vault
Featured Blog Post
Where Did the Easter Bunny Come From?
hide this ad
You Might Also Like...
Tags
mammal
Today's Top Quizzes in Science
Browse Science
hide this ad
Today's Top Quizzes in mammal
Browse mammal
Top Contributed Quizzes in Science
1
Quick Pick: Radians
2
Quick Pick: 'CI-CJ' Animals
3
The First 100 Digits of Pi
4
Elements In Images
5
Name the Acid, Base or Salt
6
One Thing in Common: Science
7
Science Jokes
8
One Thing in Common: Science III
9
One Thing in Common: Animals
10
One Thing in Common: Science II
Explore More
Trending Topics
Harry Potter
Anime
Marvel
Kpop
Disney
Crossword
NBA
Country
Puzzle
WWE
Pokémon
Soccer
The Office
NFL
Song
hide this ad
More By:
tylerkermit
Quiz
Plays
Rating
Category
Featured
Created
Famous People Born February 17th
4,162
4.20
History
Jun 29, 2019
Animated Movies In the 21st Century
944
1.00
Movies
Feb 24, 2016
Highest Grossing Actors 1-300
684
3.00
Movies
Feb 20, 2019
Famous People Born February 18th
408
History
Jun 29, 2019
Famous People Born December 13th
404
4.67
History
Jul 18, 2020
Go to Creator's Profile
Score Distribution
Quiz Creator Spotlight
tylerkermit
Follow
Send a Message
Quizzes Created
-
Created Quiz Play Count
-
More By This Creator
Popular Quizzes Today
1
Find the US States - No Outlines Minefield
2
Find the Countries of Europe - No Outlines Minefield
3
The Countries of the World
4
Find the US States
5
US States
6
Risky Map Clicking: Biggest States A-Z
7
Popular People in 1961
8
Movies - When Are They Set?
More Science Quizzes
Find the Saw Animals
Quiz Lab
Trending Quizzes
Risky Map Clicking: Least Populous States A-Z
1-10 Letter G Words
1-10 Letter F Words
Risky Map Clicking: Next State Alphabetically
Risky Map Clicking: Biggest States A-Z
Recently Updated
Leaping Animals
pecheneg
Reality TV Shows (A-Z)
bhenderson79
Rickey Henderson's Hall of Fame Teammates
pecheneg
Champions League XIs: Arsenal
pecheneg
Quick Pick: Celebrities in WWE's Hall of Fame
aduchscher
A-Z Keypad Blitz II
pecheneg
Multiple Oscar Actors
pecheneg
Mystery Phrase Blitz: Oscar 'Best Actors'
pecheneg
F. Scott Fitzgerald Novels
LTH
Pick 3 Villains
ddd62291
Trending Topics
Disney
Kpop
Crossword
Anime
Marvel
Harry Potter
NBA
Country
Puzzle
The Office
Pokémon
Soccer
WWE
Song
NFL
Your Account Isn't Verified!
In order to create a playlist on Sporcle, you need to verify the email address you used during registration. Go to your
Sporcle Settings
to finish the process.
Report this User
Report this user for behavior that violates our
Community Guidelines
.
Details:
Send Report
Go to the Sporcle.com Mobile Site →
Comments